| 000 | 01519nam a2200217Ia 4500 | ||
|---|---|---|---|
| 003 | Ost | ||
| 005 | 20260507075726.0 | ||
| 008 | 260507s9999||||xx |||||||||||||| ||und|| | ||
| 040 | _cfsecg | ||
| 041 | _aara | ||
| 082 | _a346.62 | ||
| 100 |
_aخليل، احمد _eمؤلف |
||
| 245 | 0 |
_aالقانون المدنى--مصرمبدأ المواجهه ودوره في التنفيذ الجبري : _bدراسة في واجب الاعلام في مجال القانون الاجرائي / _c احمد خليل |
|
| 260 |
_aالاسكندرية: _bدا رالمطبوعات الجامعية, _c2000 |
||
| 300 | _a196 صفحة؛ | ||
| 504 | _aبيبليوغرافيا : ص.187-191 | ||
| 520 | _aفي هذا الكتاب : ماهية المواجهة في التنفيذ الجبري ووسائلها ؛ ماهية المواجهة في التنفيذ الجبري ؛وسائل المواجهة في التنفيذ الجبري ،تطبيقات المواجهة في التنفيذ الجبري ، المواجهة في مرحلة اعداد السند التنفيذي ، المواجهة في مرحلة مقدمات التنفيذ ، المواجة في مرحلة الحجز المواجهة في مرحلة الاجراءات اللحقة على الحجز ، المواجهة في مرحلة البيع ، المواجهة في مرحلة استيفاء الدئن لحقه | ||
| 653 | _aالقانون المدني - مصر | ||
| 653 | _aقانون الاجراءات الجنائية | ||
| 942 | _cكتاب | ||
| 999 |
_c45980 _d45980 |
||